Online katalóg knižníc regiónu Turca

Výber zo slovenskej didakticko-reflexívnej poézie (Record no. 20422)

MARC details
000 -LEADER
fixed length control field 01506nam a2200421 a 4500
001 - CONTROL NUMBER
control field 20422
003 - CONTROL NUMBER IDENTIFIER
control field VRT
005 - DATE AND TIME OF LATEST TRANSACTION
control field 20260122130124.0
008 - FIXED-LENGTH DATA ELEMENTS--GENERAL INFORMATION
fixed length control field 960531q1995 xo dp 000 p slo c
020 ## - INTERNATIONAL STANDARD BOOK NUMBER
International Standard Book Number 8088834198 (brož.)
035 ## - SYSTEM CONTROL NUMBER
System control number UKB000184612
040 ## - CATALOGING SOURCE
Original cataloging agency BAA001
Language of cataloging slo
Transcribing agency BAA001
Description conventions AACR2
041 1# - LANGUAGE CODE
Language code of text/sound track or separate title slo
044 ## - COUNTRY OF PUBLISHING/PRODUCING ENTITY CODE
MARC country code xo
ISO country code SK
080 ## - UNIVERSAL DECIMAL CLASSIFICATION NUMBER
Universal Decimal Classification number 885.4-93-1(08)
100 1# - MAIN ENTRY--PERSONAL NAME
Personal name Benický, Peter
Dates associated with a name 1606-1664
243 10 - COLLECTIVE UNIFORM TITLE
Uniform title <a href="Baroková literatúra">Baroková literatúra</a>
245 00 - TITLE STATEMENT
Title Výber zo slovenskej didakticko-reflexívnej poézie
Statement of responsibility, etc. Peter Benický, Hugolín Gavlovič
260 ## - PUBLICATION, DISTRIBUTION, ETC.
Place of publication, distribution, etc. Rohovce
Name of publisher, distributor, etc. Interpopulart Slovakia
Date of publication, distribution, etc. [1995]
300 ## - PHYSICAL DESCRIPTION
Extent 113 s.
490 1# - SERIES STATEMENT
Series statement Populart. Študentská knižnica
Volume/sequential designation 20
500 ## - GENERAL NOTE
General note Baroková literatúra
504 ## - BIBLIOGRAPHY, ETC. NOTE
Bibliography, etc. note Bibliogr. s. 113
505 1# - FORMATTED CONTENTS NOTE
Formatted contents note Slovenské verše / P. Benický ; -- Valaská škola /H. Gavlovič
650 07 - SUBJECT ADDED ENTRY--TOPICAL TERM
Topical term or geographic name entry element literatúra slovenská klasická
650 07 - SUBJECT ADDED ENTRY--TOPICAL TERM
Topical term or geographic name entry element poézia didakticko-reflexívna
653 ## - INDEX TERM--UNCONTROLLED
Uncontrolled term 885.4-93-1(08)
700 1# - ADDED ENTRY--PERSONAL NAME
Personal name Gavlovič, Hugolín,
Dates associated with a name 1712-1787
Relationship aut
760 1# - MAIN SERIES ENTRY
Title Populart. Študentská knižnica
Related parts 20
774 0# - CONSTITUENT UNIT ENTRY
Title Slovenské verše
Main entry heading Benický, Peter, 1606-1664
774 0# - CONSTITUENT UNIT ENTRY
Title Valaská škola
Main entry heading Gavlovič, Hugolín, 1712-1787
830 #0 - SERIES ADDED ENTRY--UNIFORM TITLE
Uniform title Populart. Študentská knižnica
Volume/sequential designation 20
910 ## - USER-OPTION DATA (OCLC)
User-option data ukb
942 ## - ADDED ENTRY ELEMENTS (KOHA)
Source of classification or shelving scheme Dewey Decimal Classification
Koha item type Odborná literatúra pre dospelých
Suppress in OPAC No
949 ## - LOCAL PROCESSING INFORMATION (OCLC)
6 1800004749
a 30.D.64307
b PV.1805-96
q 18.1.2016-popísaná ceruzkou-ML
r 18.1.2016-popísaná ceruzkou-ML
949 ## - LOCAL PROCESSING INFORMATION (OCLC)
6 1800004748
a SL.D.23141
b PV.1806-96
949 ## - LOCAL PROCESSING INFORMATION (OCLC)
6 1800006917
a 30.D.64307
b KD.169-96
Holdings
Stav vyradenia Strata Poškodenie Spôsob nadobudnutia Domovská knižnica Aktuálna knižnica Dátum nadobudnutia Total checkouts Čiarový kód exemplára Date last seen Typ exemplára
      Dar Obecná knižnica Horná Štubňa Obecná knižnica Horná Štubňa 22.01.2026   8088834198 22.01.2026 Odborná literatúra pre dospelých
Projekt je podporený Slovenskou asociáciou knižníc
Prevádzkuje Turčianska knižnica Martin 2026